| 000 | 00906nam a2200253 i 4500 | ||
|---|---|---|---|
| 003 | DO-SdBNP | ||
| 005 | 20230720083044.0 | ||
| 006 | a||||gr|||| 00| 0 | ||
| 007 | ta | ||
| 008 | 230719e1979 dr aboc| |||| 00| 0 sap d | ||
| 040 |
_aDO-SdBNP _bspa _cBNPHU _erda |
||
| 082 | 4 |
_222 _bG934n |
|
| 245 | 0 | 3 |
_aLa guerra de Nicaragua: _bgráficas y reseñas. / _cCasimiro de Peña S., Rafael A. De Jesús F., Aníbal Rizik, Frank López E. |
| 264 | 1 |
_aSanto Domingo : _bLa Orintación, _bLibros & Medios, S.A., _c1979 |
|
| 300 |
_a132 páginas : _bIlustraciones, mapas, fotografía, retratos ; _c22 cm |
||
| 336 |
_2rdacontent _atexto _btxt |
||
| 337 |
_2rdamedia _asin medición _bn |
||
| 338 |
_2rdacarrier _avolumen _bnc |
||
| 500 | _aIncluye notas al pié de fotos | ||
| 590 | _aInventariado 2023 / MF | ||
| 700 | 1 |
_aPeña S., Casimiro de, _920125 |
|
| 700 | 1 |
_aJesús F, Rafael A. De, _983796 |
|
| 942 |
_2ddc _cLBS1 |
||
| 999 |
_c54205 _d54205 |
||